000 01172nam a22002657a 4500
001 9795
003 FISKH
005 20260225152505.0
008 260225b cb ||||| |||| 00| 0 eng d
040 _aFISKH
_beng
_cFISKH
_dFISKH
050 _aE185.J6
082 _a920
100 _aArundel, Jocelyn
_eAuthor
245 _aMighty Mo /
_cBy Jocelyn Arundel ; Illustrated by Jack Hearne
260 _aChicago :
_bScience Research Associates , Inc.,
_c1961
300 _a32 pages :
_bcolor illustrations ;
_c21 cm
505 _aK
520 _aSuzannah is staying in Africa with her cousin, Jay Clifford. They are on a hunting trip, or safari, with Jay's father, Ranger Clifford, when they find a baby zebra, adopt it, and name it Smudge. But what the hunters are really searching for is the elephant that has been destroying the crop of the local farmers. The villagers believe that the damage is caused by Mighty Mohammed, the largest and oldest elephant of all!
521 8 _a510
_bLexile estimate
521 8 _aK
_bRaz-Plus
650 _aMighty Mo
_vThe elephant
700 _aHearne, Jack
_eIllustrator
942 _2ddc
_cBK
_n0
999 _c9795
_d9795